Sudden Death - Nachbarländer Saudi-Arabiens - Statistiken

Allgemein
  • Dieses Quiz wurde 105 mal gespielt
  • Das Durchschnittsergebnis liegt bei 5 aus 7
Answers on the Grid
Answers color-coded by a green-red scale on the quiz's grid according to % correct below.
Jordanien🇯🇴
Irak🇮🇶
Kuwait🇰🇼
Vereinigte Arabische Emirate🇦🇪
Katar🇶🇦
Oman🇴🇲
Jemen🇾🇪
Israel🇮🇱
Libanon🇱🇧
Syrien🇸🇾
Iran🇮🇷
Russland🇷🇺
Bhutan🇧🇹
Afghanistan🇦🇫
Pakistan🇵🇰
Armenien🇦🇲
Brunei🇧🇳
Bangladesch🇧🇩
Indien🇮🇳
Nepal🇳🇵
 
Antwortstatistiken
Antwort % Korrekt
Katar🇶🇦
85%
Jemen🇾🇪
82%
Oman🇴🇲
80%
Vereinigte Arabische Emirate🇦🇪
78%
Kuwait🇰🇼
68%
Jordanien🇯🇴
66%
Irak🇮🇶
54%
Keine übereinstimmenden Quizze gefunden
Verteilung der Resultate
Anzahl Personen mit jedem Resultat
Perzentil nach korrekt beantworteten Fragen
Ihre Resultats-Entwicklung
Sie haben dieses Quiz noch nicht gespielt